'D' Authors Quiz Stats

 Plays Quiz Updated Sep 19, 2015

Also try: 'C' Authors
Challenge
Share
Tweet
Embed
Score 0/20 Timer 06:00
9 Plays Today
Hint Answer % Correct
A Christmas Carol (1843), A Tale of Two Cities (1859)Charles Dickens
98.3%
James and the Giant Peach (1961), Charlie and the Chocolate Factory (1964)Roald Dahl
94.8%
On the Origin of Species (1859), The Descent of Man (1871)Charles Darwin
89.4%
The Three Musketeers (1844), The Count of Monte Cristo (1844)Alexandre Dumas
80.9%
Robinson Crusoe (1719), Moll Flanders (1722)Daniel Defoe
79.4%
A Study in Scarlet (1887), The Hound of the Baskervilles (1902)Arthur Conan Doyle
75.9%
Crime and Punishment (1866), The Brothers Karamazov (1880)Fyodor Dostoyevsky
73.4%
Jamaica Inn (1936), Rebecca (1938)Daphne du Maurier
52.3%
A Narrative of the Life of [Author], an American Slave (1845), My Bondage and My Freedom (1855)Frederick Douglass
40.5%
Discourse on the Method (1637), Meditations on First Philosophy (1641)René Descartes
36.2%
Hint Answer % Correct
The Blind Watchmaker (1986), The God Delusion (2006)Richard Dawkins
34.4%
Sister Carrie (1900), An American Tragedy (1925)Theodore Dreiser
30.2%
Ragtime (1975), The March (2005)E.L. Doctorow
27.8%
Seven Gothic Tales (1934), Out of Africa (1937)Isak Dinesen
24.8%
White Noise (1985), Underworld (1998)Don DeLillo
23.2%
The Souls of Black Folk (1903), Black Reconstruction in America (1935)W.E.B. Du Bois
22.1%
The Third Chimpanzee (1991), Guns, Germs, and Steel (1997)Jared Diamond
18.6%
The Brief Wondrous Life of Oscar Wao (2007), This Is How You Lose Her (2012)Junot Díaz
17.6%
Seriously...I'm Kidding (2011), The Funny Thing Is... (2003)Ellen Degeneres
14.8%
Because of Winn-Dixie (2000), The Tale of Despereaux (2003)Kate DiCamillo
10.7%

You're not logged in!

Compare scores with friends on all Sporcle quizzes.
Join for Free
OR
Log In

You Might Also Like...

Show Comments

Extras

Top Quizzes Today


Score Distribution

Your Account Isn't Verified!

In order to create a playlist on Sporcle, you need to verify the email address you used during registration. Go to your Sporcle Settings to finish the process.

Report this User

Report this user for behavior that violates our Community Guidelines.

Details: